Clases populares y democracia representativa en América Latina (Registro nro. 15954)

Detalles MARC
000 -LEADER
fixed length control field 00349 a2200109 4500
001 - CONTROL NUMBER
control field ART_2738
005 - DATE AND TIME OF LATEST TRANSACTION
control field 20260410161710.0
008 - FIXED-LENGTH DATA ELEMENTS--GENERAL INFORMATION
fixed length control field 260409a
100 1# - MAIN ENTRY--PERSONAL NAME
Personal name Germani, Gino
245 10 - TITLE STATEMENT
Title Clases populares y democracia representativa en América Latina
773 0# - HOST ITEM ENTRY
Title Desarrollo económico
Related parts - Vol. 2, Nº 2 (jul./sep. 1962)
Record control number REV1174

No hay ítems disponibles.